000 00421nam a2200181Ia 4500
001 2055
005 20260306143814.0
008 260306t2009||||xx |||||||||||||| ||spa||
041 _aESP
082 _a616.8
_bP44
100 _aPérez García, Miguel (coord.)
_eAUT
245 0 _aManual de neuropsicología clínica
260 _c2009
300 _a
_c
650 _aGEN
654 _aCPS
942 _cLIB
_dJUS
_fJUS
_2ddc
_n
999 _c2055
_d2055